Welcome To E-JUST Library

دراسات في الشعر العربي المعاصر / (Record no. 7541)

MARC details
000 -LEADER
fixed length control field 01312nam a22002657a 4500
003 - CONTROL NUMBER IDENTIFIER
control field EG-NbEJU
005 - DATE AND TIME OF LATEST TRANSACTION
control field 20260401082146.0
008 - FIXED-LENGTH DATA ELEMENTS--GENERAL INFORMATION
fixed length control field 260126b |||||||| |||| 00| 0 eng d
017 ## - COPYRIGHT OR LEGAL DEPOSIT NUMBER
Copyright or legal deposit number 2003/5694
Assigning agency مصر . دار المعارف
020 ## - INTERNATIONAL STANDARD BOOK NUMBER
International Standard Book Number 9770264334
040 ## - CATALOGING SOURCE
Original cataloging agency EG-NbEJU
Language of cataloging ara
Transcribing agency EG-NbEJU
041 ## - LANGUAGE CODE
Language code of text/sound track or separate title ara
050 ## - LIBRARY OF CONGRESS CALL NUMBER
Classification number PJ7542.D34
Item number S83 2003
100 ## - MAIN ENTRY--PERSONAL NAME
Personal name ،ضيف ، شوقي
245 ## - TITLE STATEMENT
Title دراسات في الشعر العربي المعاصر /
Statement of responsibility, etc. دكتور شوقي ضيف
250 ## - EDITION STATEMENT
Edition statement الطبعة العاشرة
260 ## - PUBLICATION, DISTRIBUTION, ETC.
Place of publication, distribution, etc. القاهرة :
Name of publisher, distributor, etc. دار المعارف ،
Date of publication, distribution, etc. 2003
300 ## - PHYSICAL DESCRIPTION
Extent صفحة 288 ؛
Dimensions 23سم
490 ## - SERIES STATEMENT
Series statement مكتبة الدراسات الادبية
Volume/sequential designation 11
520 ## - SUMMARY, ETC.
Summary, etc. يلقي في هذا الكتاب الضوء علي اتجاهات الشعر العربي المعاصر من خلال دراسة صفوة من شعرائنا في الاقطار العربية و في المهجر الامريكي ، دراسة تتحري الدقة و وضوح الدلالة بترتيب المقدمات الصحيحة الي الاراء و الاحكام الادبية السليمة .
650 ## - SUBJECT ADDED ENTRY--TOPICAL TERM
Source of heading or term qrmak
Topical term or geographic name entry element الشعر العربي
General subdivision الشعراء العرب في امريكا
Chronological subdivision العصر الحديث
901 ## - Cataloger information
Cataloger Name Rowan
902 ## - PDF File name
PDF File name xxx
942 ## - ADDED ENTRY ELEMENTS (KOHA)
Source of classification or shelving scheme Library of Congress Classification
Koha item type Books
Suppress in OPAC No
Holdings
Withdrawn status Lost status Source of classification or shelving scheme Damaged status Not for loan Home library Current library Date acquired Total checkouts Full call number Barcode Date last seen Copy number Price effective from Koha item type
    Library of Congress Classification     Fayza Aboulnaga Central Library | مكتبة فايزة أبو النجا المركزية بالحرم الجامعي Fayza Aboulnaga Central Library | مكتبة فايزة أبو النجا المركزية بالحرم الجامعي 02/01/2026   PJ7542.D34 S83 2003 10015678 02/01/2026 C. 1 02/01/2026  

All Rights Reserved
Egypt-Japan University of Science and Technology (E-JUST) © 2026